[Event "Ambelokipi op 177th"]
[Site "Athens"]
[Date "2020.09.23"]
[Round "2"]
[White "Synetos, Dionysios"]
[Black "Porichis, Vasilios"]
[Result "1-0"]
[WhiteElo "1756"]
[BlackElo "800"]
[PlyCount "33"]
[EventDate "2020.09.16"]
[EventType "swiss"]
[EventRounds "7"]
[EventCountry "GRE"]
[SourceTitle "EXT 2024"]
[Source "ChessBase"]
[SourceDate "2023.10.10"]
[SourceVersion "1"]
[SourceVersionDate "2023.10.10"]
[SourceQuality "1"]

1. d4 d5 2. Bf4 Nf6 3. e3 e6 4. Nf3 c6 5. Bd3 Bb4+ 6. c3 Be7 7. Ne5 Bd6 8. Nd2 Qe7 9. Bg3 Ne4 10. Nxe4 Nd7 11. Nxd6+ Qxd6 12. Nxf7 Qf8 13. Nxh8 Qxh8 14. Qh5+ Kd8 15. Bd6 Nf6 16. Qf7 Qg8 17. Qe7# 1-0

[Event "Athens Siaperas Memorial 15th"]
[Site "Athens"]
[Date "2018.02.09"]
[Round "5"]
[White "Delithanasis, Dimitrios"]
[Black "Synetos, Dionysios"]
[Result "1-0"]
[WhiteElo "1906"]
[BlackElo "1720"]
[PlyCount "77"]
[EventDate "2019.01.12"]
[EventType "swiss"]
[EventRounds "7"]
[EventCountry "GRE"]
[SourceTitle "EXT 2020"]
[Source "ChessBase"]
[SourceDate "2019.10.17"]
[SourceVersion "1"]
[SourceVersionDate "2019.10.17"]
[SourceQuality "1"]

1. c4 c6 2. Nf3 d5 3. d4 Nf6 4. Nc3 dxc4 5. a4 Bf5 6. Ne5 Nbd7 7. Nxc4 Nb6 8. Ne5 a5 9. f3 Nfd7 10. Nd3 Bxd3 11. Qxd3 e6 12. e4 Be7 13. Be3 Nf6 14. Be2 Qc7 15. Rc1 Bb4 16. 0-0 0-0 17. f4 Bxc3 18. bxc3 Nxa4 19. c4 c5 20. d5 exd5 21. cxd5 Rfd8 22. Bf3 c4 23. Qd4 b5 24. e5 Nxd5 25. Bxd5 Rac8 26. e6 fxe6 27. Bxe6+ Kh8 28. Qe5 Qxe5 29. fxe5 Rb8 30. Bf7 c3 31. e6 b4 32. e7 Nb2 33. Bb6 Rdc8 34. Ba7 Rb7 35. e8Q+ Rxe8 36. Bxe8 g6 37. Bd4+ Kg8 38. Bc6 Rc7 39. Bd5+ 1-0

[Event "Athens Siaperas Memorial 14th"]
[Site "Athens"]
[Date "2018.02.03"]
[Round "4"]
[White "Ilandzis, Spyridon"]
[Black "Synetos, Dionysios"]
[Result "1-0"]
[WhiteElo "2055"]
[BlackElo "1725"]
[PlyCount "49"]
[EventDate "2018.01.13"]
[EventType "swiss"]
[EventRounds "7"]
[EventCountry "GRE"]
[SourceTitle "EXT 2019"]
[Source "ChessBase"]
[SourceDate "2018.10.10"]
[SourceVersion "1"]
[SourceVersionDate "2018.10.10"]
[SourceQuality "1"]

1. e4 d5 2. exd5 Qxd5 3. Nc3 Qd8 4. d4 Nf6 5. Bc4 a6 6. a4 Nc6 7. Be3 Bf5 8. f3 Nb4 9. Bb3 e6 10. g4 Bg6 11. Nge2 h6 12. Qd2 Be7 13. 0-0-0 Nbd5 14. h4 c6 15. g5 hxg5 16. hxg5 Rxh1 17. Rxh1 Nh5 18. Nxd5 cxd5 19. Nf4 Nxf4 20. Rh8+ Bf8 21. Bxf4 Rc8 22. Be5 f6 23. Qb4 Qe7 24. Bd6 Kf7 25. Rxf8+ 1-0

[Event "Athens ChessSquare Celebration op"]
[Site "Athens"]
[Date "2016.11.19"]
[Round "3"]
[White "Synetos, Dionysios"]
[Black "Kanellopoulos, Georgios G"]
[Result "1-0"]
[WhiteElo "1655"]
[BlackElo "1715"]
[PlyCount "103"]
[EventDate "2016.11.05"]
[EventType "swiss"]
[EventRounds "7"]
[EventCountry "GRE"]
[SourceTitle "EXT 2024"]
[Source "ChessBase"]
[SourceDate "2023.10.10"]
[SourceVersion "1"]
[SourceVersionDate "2023.10.10"]
[SourceQuality "1"]

1. c4 e5 2. g3 c6 3. d4 e4 4. Bg2 d5 5. cxd5 cxd5 6. Nc3 Nf6 7. f3 Bb4 8. Bd2 Bxc3 9. bxc3 0-0 10. fxe4 dxe4 11. Nh3 Re8 12. e3 Bg4 13. Qc2 Nc6 14. 0-0 Rc8 15. Nf4 Qd7 16. h3 Bf5 17. g4 Bg6 18. Nxg6 hxg6 19. Rf4 g5 20. Rxf6 gxf6 21. Bxe4 Qd6 22. Qd3 Qg3+ 23. Bg2 Ne7 24. Rf1 Ng6 25. Rf3 Qd6 26. Be1 Ne5 27. Qe2 Nxf3+ 28. Qxf3 Qe6 29. Bd2 Kg7 30. Qd5 Qxd5 31. Bxd5 b5 32. e4 a5 33. a3 Rc7 34. Kf2 Rd8 35. Ke2 Rxd5 36. exd5 Rd7 37. Kd3 Rxd5 38. c4 bxc4+ 39. Kxc4 Rd7 40. Bxa5 f5 41. gxf5 Kf6 42. Kc5 Kxf5 43. d5 Kf6 44. Kc6 Ke7 45. Bb4+ Ke8 46. a4 f5 47. a5 Kd8 48. d6 g4 49. hxg4 fxg4 50. Bc5 Rf7 51. a6 Rf1 52. Bb6+ 1-0